000 00309nam a2200121 a 4500
005 20141022142000.0
008 080915s19uu xx 00 eng d
050 _aVHS
_bS1 2004
245 _aSips and methods: marcie reunion.
650 _aVHS.
650 _aSips and methods: marcie reunion.
942 _cAVM
999 _c276231
_d276231